000 00691nam a2200277Ia 4500
005 20260324130532.0
008 008 260324s9999 xx 000 0 eng d
020 _a9781315701271
037 _aEBOOK
040 _aCRL
040 _beng
040 _cCRL
041 _2eng
041 _aeng
084 _qCRL
100 _aEric E. Haley; Joyce M. Wolburg; Roxanne Hovland
_91182153
245 0 _aReadings in Advertising, Society, and Consumer Culture
260 _bTaylor and Francis
260 _c2007
365 _a
365 _b350
856 _uhttp://www.taylorfrancis.com/books/9781315701271
942 _cEBOOK
999 _c1778393
_d1778393